| 000 | 00492nam a22001577a 4500 | ||
|---|---|---|---|
| 999 |
_c10858 _d10858 |
||
| 008 | 180924b ||||| |||| 00| 0 eng d | ||
| 020 | _a978-93-5115-783-0 | ||
| 082 |
_22016 _aDC 646.72 _bB385 |
||
| 245 |
_aBeauty care : _bintermediate / _cedited by 3G E-Learning |
||
| 260 |
_aUAE : _b3G E-Learning, _c©2016. |
||
| 300 |
_avi, 308 pages : _bcolor illustrations ; _c29 cm. |
||
| 500 | _aIncludes index. | ||
| 650 |
_aBeauty, Personal. _931581 |
||
| 365 |
_b6,995.00 _cPhp. |
||
| 942 |
_2ddc _cDC |
||